00669cam a22002171 4500001001300000003000400013005001700017008004100034010001700075035001900092040002600111042001200137050002200149100003600171245007800207260002200285300003400307410005600341650003700397999001700434gs 54000219 DLC20260227111401.0770715s1953 tnu s001 0 eng  ags 54000219  a(OCoLC)3118814 aDLCcMsSMdOCoLCdDLC apremarc00aQE165b.A2 no. 591 aWilson, Charles William,d1905-10aAnnotated bibliography of the geology of Tennessee through December 1950. aNashville,c1953. ax, 308 p.bfold. map.c23 cm.10aTennessee.bDivision of Geology.tBulletin.vno. 59 0aGeologyzTennesseexBibliography c28869d28869